История СССР. [Ч. 3] (Запись № 8639774)

Подробности
000 -МАРКЕР
контрольное поле 01621nam2a22003131 4500
001 - ИДЕНТИФИКАТОР ЗАПИСИ
контрольное поле rc\4456682
005 - ИДЕНТИФИКАТОР ВЕРСИИ
контрольное поле 20260407071440.0
021 ## - НОМЕР ГОСУДАРСТВЕННОЙ РЕГИСТРАЦИИ
Код страны российская федерация
Номер [59-9607]
035 ## - ДРУГИЕ СИСТЕМНЫЕ НОМЕРА
Идентификатор записи (NLR Aleph) 008590312
100 ## - ДАННЫЕ ОБЩЕЙ ОБРАБОТКИ
Данные общей обработки 20130416d1959 |||y0rusy50 ca
101 0# - ЯЗЫК РЕСУРСА
Язык текста, звукозаписи и т.д. русский
102 ## - СТРАНА ПУБЛИКАЦИИ ИЛИ ПРОИЗВОДСТВА
Страна публикации российская федерация
105 ## - ПОЛЕ КОДИРОВАННЫХ ДАННЫХ: ТЕКСТОВЫЕ МАТЕРИАЛЫ, МОНОГРАФИЧЕСКИЕ
Кодированные данные о монографическом текстовом документе ab z |||||
200 0# - ЗАГЛАВИЕ И СВЕДЕНИЯ ОБ ОТВЕТСТВЕННОСТИ
Основное заглавие [Ч. 3]
Сведения, относящиеся к заглавию Для 10 класса
Первые сведения об ответственности Ин-т истории Акад. наук СССР
205 ## - СВЕДЕНИЯ ОБ ИЗДАНИИ
Сведения об издании 18-е изд.
210 ## - ПУБЛИКАЦИЯ, РАСПРОСТРАНЕНИЕ И ДР.
Дата издания, распространения и т.д. 1959
Место издания, распространения и т.д. Б. м.
215 ## - ФИЗИЧЕСКАЯ ХАРАКТЕРИСТИКА
Специфическое обозначение материала и объем 286 с.
Другие сведения о физической характеристике ил., карт.
300 ## - ОБЩИЕ ПРИМЕЧАНИЯ
Текст примечания Перед загл. авт.: проф. К.В. Базилевич, проф. С.В. Бахрушин, акад. А.М. Панкратова, доц. А.В. Фохт
461 #0 - УРОВЕНЬ НАБОРА
Встроенное поле 001rc\4456679
-- 2001#$aИстория СССР$eУчебник [для сред. школы]$fПод ред. акад. А.М. Панкратовой$gАкад. пед. наук РСФСР$v[Ч. 3]
Системный номер (АБИС) связанной записи 8639758
Место публикации Москва
Дата публикации 1959
Издание 2-е изд. Ч. 1-
Первые сведения об ответственности Под ред. акад. А.М. Панкратовой
Имя издателя, распространителя и т.д. Учпедгиз
Сведения, относящиеся к заглавию Учебник [для сред. школы]
Заглавие История СССР
Номер тома [Ч. 3]
701 #1 - ИМЯ ЛИЦА - АЛЬТЕРНАТИВНАЯ ОТВЕТСТВЕННОСТЬ
Начальный элемент ввода Панкратова
Часть имени, кроме начального элемента ввода А.М.
Расширение инициалов личного имени Анна Михайловна
701 #1 - ИМЯ ЛИЦА - АЛЬТЕРНАТИВНАЯ ОТВЕТСТВЕННОСТЬ
Графика поля Кириллица
Материалы, к которым относится поле rus
Начальный элемент ввода Фохт
Часть имени, кроме начального элемента ввода А. В.
Даты 1899-1972
Расширение инициалов личного имени Анастасия Викторовна
Идентификатор авторитетной/нормативной записи RU\NLR\AUTH\770278695
Системный номер авторитетной/нормативной записи 2650662
701 #1 - ИМЯ ЛИЦА - АЛЬТЕРНАТИВНАЯ ОТВЕТСТВЕННОСТЬ
Начальный элемент ввода Бахрушин
Часть имени, кроме начального элемента ввода С.В.
701 #1 - ИМЯ ЛИЦА - АЛЬТЕРНАТИВНАЯ ОТВЕТСТВЕННОСТЬ
Графика поля Кириллица
Материалы, к которым относится поле rus
Начальный элемент ввода Базилевич
Часть имени, кроме начального элемента ввода К. В.
Даты 1892-1950
Расширение инициалов личного имени Константин Васильевич
Идентификатор авторитетной/нормативной записи RU\NLR\AUTH\770278682
Системный номер авторитетной/нормативной записи 2650649
801 #0 - ИСТОЧНИК ЗАПИСИ
Страна российская федерация
Организация NLR
Правила каталогизации psbo
801 #1 - ИСТОЧНИК ЗАПИСИ
Страна российская федерация
Организация ELAR
Источник данных rusmarc
852 ## - МЕСТОНАХОЖДЕНИЕ И ШИФР ХРАНЕНИЯ
Идентификатор организации NLR
Шифр хранения (Call Number) 58-5/3470
942 ## - ДОПОЛНИТЕЛЬНЫЕ ЭЛЕМЕНТЫ ЗАПИСИ (АБИС)
Тип экземпляра АБИС Книга
980 ## - КОЛЛЕКЦИЯ
Название коллекции Национальная библиография
Экземпляры
Тип экземпляра Дата поступления Библиотека постоянного хранения Библиотека текущего хранения Место хранения Шифр хранения Штрих-код Статус не для выдачи
Книга 26.10.2013 РНБ (Московский) РНБ (Московский) Русский книжный фонд: издания с 1957 года, 3этаж Хран 58-5/3470 1-760247